00473nam a2200157Ia 4500008004100000082001000041100003000051245004900081260004200130300000800172365000900180520001400189630004900203650001400252730004900266100917s9999 xx 000 0 und d b36705 aआपटे ह. ना. aमायेचा बाजार (आ. 4) bद. वा. आंबेकरc1965 a416 b4.25 aकथा aमायेचा बाजार (आ. 4) aकथा aमायेचा बाजार (आ. 4)